| 000 | 00721nam a2200241Ia 4500 | ||
|---|---|---|---|
| 003 | GCL | ||
| 008 | 140319s9999 xx 000 0 ara d | ||
| 040 |
_aGCL / _cGCL |
||
| 082 | 0 | 4 |
_aق _b291.23 _bب ف |
| 100 | 1 | _aسليم حسن | |
| 245 | 1 | 0 |
_aفجر الضمير / _cسليم حسن |
| 700 | 1 | _aعمر الاسكندرانى | |
| 700 | 1 | _aبرستيد، جيمس هنرى | |
| 260 |
_aالقاهرة : _bالقاهرة الحديثة للطباعة |
||
| 300 |
_a448 ص ؛ _c24 سم |
||
| 490 |
_aالالف كتاب _v0 |
||
| 650 | 0 | 4 | _aمصر القديمة |
| 650 | 0 | 4 | _aالحضارة الفرعونية |
| 650 | 0 | 4 | _aالدين |
| 650 | 0 | 4 | _aالبعث |
| 650 | 0 | 4 | _aاخناتون |
| 942 |
_2ddc _cBK |
||
| 999 |
_c36465 _d36465 |
||